Statistics for New Orleans Louis Armstrong (MSY) Airport Destinations

Click here to take the quiz!

General Stats

  • This quiz has been taken 146 times
    (106 since last reset)
  • The average score is 47 of 61

Answer Stats

Airline/sDestination% Correct
Delta Airlines, Frontier Airlines, Southwest Airlines, Spirit AirlinesAtlanta
95%
Southwest AirlinesChicago (Midway)
93%
American Airlines, American Eagle, Southwest Airlines, Spirit Airlines, United Airlines, United ExpressChicago (O'Hare)
93%
American Eagle, Southwest Airlines, Spirit AirlinesAustin
89%
American Airlines, Spirit AirlinesDallas/Fort Worth
89%
Southwest AirlinesDallas (Love)
89%
Frontier Airlines, Southwest Airlines, United Airlines, United ExpressDenver
89%
Southwest AirlinesHouston (Hobby)
89%
Southwest Airlines, Spirit Airlines, United Airlines, United ExpressHouston (Intercontinental)
89%
Alaska AirlinesSeattle/Tacoma
89%
Delta Airlines, JetBlue, Spirit AirlinesBoston
87%
American Airlines, American EagleCharlotte
87%
Allegiant AirCharlotte (Concord)
87%
American Airlines, American Eagle, Southwest AirlinesMiami
87%
Delta Airlines, JetBlueNew York (John F. Kennedy)
87%
Delta Airlines, JetBlue, Southwest AirlinesNew York (LaGuardia)
87%
Frontier Airlines, Southwest Airlines, Spirit AirlinesOrlando
87%
United AirlinesSan Francisco
87%
Allegiant Air, Frontier AirlinesCincinnati
85%
Alaska AirlinesPortland (OR)
85%
Southwest AirlinesSan Diego
85%
Southwest Airlines. Spirit AirlinesTampa
85%
Southwest Airlines, Spirit AirlinesBaltimore
84%
Delta Airlines, Southwest Airlines, Spirit AirlinesLos Angeles
84%
Delta Airlines, Sun Country AirlinesMinneapolis/Saint Paul
84%
Southwest Airlines, Spirit AirlinesNashville
84%
Breeze Airways, Spirit AirlinesColumbus (Glenn)
82%
Delta Airlines, Spirit AirlinesDetroit
82%
Silver AirwaysJacksonville (FL)
82%
Southwest AirlinesKansas City
82%
American Airlines, Southwest AirlinesPhoenix (Sky Harbor)
82%
Delta AirlinesSalt Lake City
82%
Southwest AirlinesSan Antonio
82%
United Airlines, United ExpressWashington (Dulles)
82%
American Eagle, Southwest AirlinesWashington (National)
82%
Spirit AirlinesCleveland
80%
Frontier Airlines, Southwest Airlines, Spirit AirlinesLas Vegas
80%
British AirwaysLondon (Heathrow)
80%
Spirit Airlines, United Airlines, United ExpressNewark
80%
American Airlines, Frontier Airlines, Spirit AirlinesPhiladelphia
80%
Allegiant AirRaleigh/Durham
80%
Air Canada ExpressToronto (Pearson)
80%
JetBlue, Southwest Airlines, Spirit AirlinesFort Lauderdale
78%
Southwest Airlines, Spirit AirlinesCancun
76%
Breeze Airways, Southwest AirlinesOklahoma City
76%
Southwest AirlinesSaint Louis
76%
Allegiant AirIndianapolis
73%
Allegiant Air, Breeze AirwaysLouisville
73%
Breeze AirwaysCharleston (SC)
71%
Air TransatMontreal (Trudeau)
71%
Allegiant AirPittsburgh
69%
Breeze AirwaysRichmond
69%
Breeze AirwaysTulsa
64%
Copa AirlinesPanama City (Tocumen)
60%
Breeze AirwaysNorfolk
55%
Breeze AirwaysAkron/Canton
42%
Allegiant AirGrand Rapids
40%
Breeze AirwaysFayetteville/Bentonville
38%
Boutique AirGreenville (MS)
35%
Breeze AirwaysHuntsville
18%
Spirit AirlinesSan Pedro Sula
18%

Score Distribution

Percentile by Number Answered

Percent of People with Each Score

Your Score History

You have not taken this quiz since the last reset